<?xml version="1.0" encoding="UTF-8"?>
<record
    xmlns:xsi="http://www.w3.org/2001/XMLSchema-instance"
    xsi:schemaLocation="http://www.loc.gov/MARC21/slim http://www.loc.gov/standards/marcxml/schema/MARC21slim.xsd"
    xmlns="http://www.loc.gov/MARC21/slim">

  <leader>00714nam a2200217Ia 4500</leader>
  <controlfield tag="003">3228</controlfield>
  <controlfield tag="005">20240923105726.0</controlfield>
  <controlfield tag="008">210817s9999    xx            000 0 eng d</controlfield>
  <datafield tag="020" ind1=" " ind2=" ">
    <subfield code="a">9781770097964</subfield>
  </datafield>
  <datafield tag="040" ind1=" " ind2=" ">
    <subfield code="c">3228</subfield>
  </datafield>
  <datafield tag="082" ind1=" " ind2=" ">
    <subfield code="a">EJF KOWE</subfield>
  </datafield>
  <datafield tag="100" ind1=" " ind2=" ">
    <subfield code="a"> Kowen, Dorothy   Johannesburg, 2010  </subfield>
    <subfield code="9">30641</subfield>
  </datafield>
  <datafield tag="245" ind1=" " ind2="0">
    <subfield code="a">The gift of gold </subfield>
    <subfield code="c">by Dorothy Kowen</subfield>
  </datafield>
  <datafield tag="250" ind1=" " ind2=" ">
    <subfield code="a">New edition</subfield>
  </datafield>
  <datafield tag="260" ind1=" " ind2=" ">
    <subfield code="a">Auckland Park :</subfield>
    <subfield code="b">Jacana Media,</subfield>
    <subfield code="c"> 2010.</subfield>
  </datafield>
  <datafield tag="300" ind1=" " ind2=" ">
    <subfield code="a">22 pages : </subfield>
    <subfield code="b">color illustrations ; </subfield>
    <subfield code="c"> 22 cm</subfield>
  </datafield>
  <datafield tag="500" ind1=" " ind2=" ">
    <subfield code="a">Also available in Afrikaans, Xhosa and Zulu.</subfield>
  </datafield>
  <datafield tag="610" ind1=" " ind2=" ">
    <subfield code="a">Children's stories, South African (English)</subfield>
    <subfield code="9">188948</subfield>
  </datafield>
  <datafield tag="700" ind1=" " ind2=" ">
    <subfield code="a">illustrations by Gillian Mathew.</subfield>
    <subfield code="e">illustrator</subfield>
    <subfield code="9">189249</subfield>
  </datafield>
  <datafield tag="942" ind1=" " ind2=" ">
    <subfield code="c">BOOK</subfield>
    <subfield code="2">ddc</subfield>
    <subfield code="y">375</subfield>
    <subfield code="z">Rosinah Mosako</subfield>
  </datafield>
  <datafield tag="999" ind1=" " ind2=" ">
    <subfield code="c">228876</subfield>
    <subfield code="d">228874</subfield>
  </datafield>
  <datafield tag="952" ind1=" " ind2=" ">
    <subfield code="0">0</subfield>
    <subfield code="1">0</subfield>
    <subfield code="2">ddc</subfield>
    <subfield code="4">0</subfield>
    <subfield code="7">0</subfield>
    <subfield code="a">THISL</subfield>
    <subfield code="b">THISL</subfield>
    <subfield code="c">CHILD</subfield>
    <subfield code="d">2021-08-18</subfield>
    <subfield code="g">150.00</subfield>
    <subfield code="o">EJF KOWE</subfield>
    <subfield code="p">33228023825068</subfield>
    <subfield code="r">2021-08-18</subfield>
    <subfield code="w">2021-08-18</subfield>
    <subfield code="y">BK</subfield>
  </datafield>
  <datafield tag="952" ind1=" " ind2=" ">
    <subfield code="0">0</subfield>
    <subfield code="1">0</subfield>
    <subfield code="2">ddc</subfield>
    <subfield code="4">0</subfield>
    <subfield code="7">0</subfield>
    <subfield code="8">F</subfield>
    <subfield code="a">PERDL</subfield>
    <subfield code="b">PERDL</subfield>
    <subfield code="c">CHILD</subfield>
    <subfield code="d">2026-03-19</subfield>
    <subfield code="g">72.00</subfield>
    <subfield code="i">9781770097964</subfield>
    <subfield code="l">0</subfield>
    <subfield code="o">EJF KOWE</subfield>
    <subfield code="p">33228023824889</subfield>
    <subfield code="r">2026-03-19</subfield>
    <subfield code="v">72.00</subfield>
    <subfield code="w">2026-03-19</subfield>
    <subfield code="y">BOOK</subfield>
  </datafield>
</record>
